Larousse gastronomique (Record no. 395651)

MARC details
000 -LEADER
fixed length control field 00469 a2200193 4500
005 - DATE & TIME
control field 20260409145347.0
008 - FIXED-LENGTH DATA ELEMENTS--GENERAL INFORMATION
fixed length control field 260409b |||||||| |||| 00| 0 eng d
020 ## - ISBN
International Standard Book Number 9780600620426
Price £ 80.00
040 ## - CATALOGING SOURCE
Original cataloging agency VIVEKANANDA LIBRARY
082 ## - DDC NUMBER
Classification number 642.5
Book Number R577L
100 ## - MAIN ENTRY--PERSONAL NAME
Personal name Robuchan, Joel
245 ## - TITLE STATEMENT
Title Larousse gastronomique
260 ## - PUBLICATION, DISTRIBUTION, ETC. (IMPRINT)
Name of publisher, distributor, etc Hamlyn
Date of publication, distribution, etc 2009
Place of publication, distribution, etc London
300 ## - PHYSICAL DESCRIPTION
Pages 1206
650 ## - Subject
Subject Hotel Management
650 ## - Subject
Subject Table Service
650 ## - Subject
Subject Food Services
942 ## - ADDED ENTRY ELEMENTS (KOHA)
Koha item type Books
Holdings
Withdrawn status Lost status Source of classification or shelving scheme Damaged status Not for loan Location (home branch) Sublocation or collection (holding branch) Shelving location Date acquired Koha issues (times borrowed) Koha full call number Accession No. Koha date last seen Koha item type
    Dewey Decimal Classification     VIVEKANANDA LIBRARY VIVEKANANDA LIBRARY IHTM Library 21/01/2026   642.5 R577L 425211 21/01/2026 Books
© Designed and Maintained by Vivekananda Library, MDU Rohtak